|
|
|
|
| LEADER |
00000nam0a2200000 4500 |
| 001 |
90214 |
| 005 |
20231031103409.0 |
| 035 |
|
|
|a (RuTPU)RU\TPU\book\96752
|
| 090 |
|
|
|a 90214
|
| 100 |
|
|
|a 20060207d1976 km y0rusy50 ca
|
| 101 |
1 |
|
|a rus
|c eng
|
| 102 |
|
|
|a RU
|
| 105 |
|
|
|a a j 001zy
|
| 200 |
1 |
|
|a Статистическая механика, кинетическая теория и стохастические процессы
|e учебник
|e пер. с англ.
|f К. Хир
|g под ред. А. Г. Башкиров
|
| 210 |
|
|
|a Москва
|c Мир
|d 1976
|
| 215 |
|
|
|a 600 с.
|c ил.
|
| 320 |
|
|
|a Библиогр. в конце гл.
|
| 320 |
|
|
|a Предм. указ.: с. 590-596.
|
| 610 |
1 |
|
|a статистическая механика
|
| 610 |
1 |
|
|a кинетическая теория
|
| 610 |
1 |
|
|a стохастические процессы
|
| 610 |
1 |
|
|a статистическая физика
|
| 610 |
1 |
|
|a излучение
|
| 610 |
1 |
|
|a лазер
|
| 610 |
1 |
|
|a тепловые флуктуации
|
| 610 |
1 |
|
|a шумы
|
| 610 |
1 |
|
|a учебники
|
| 675 |
|
|
|a 536.7
|v 3
|
| 700 |
|
1 |
|a Хир
|b К.
|
| 702 |
|
1 |
|a Башкиров
|b А. Г.
|4 340
|
| 801 |
|
1 |
|a RU
|b 63413507
|c 20060207
|g PSBO
|
| 801 |
|
2 |
|a RU
|b 63413507
|c 20161021
|g PSBO
|
| 942 |
|
|
|c BK
|